| 000 | 00597nam a2200205Ia 4500 | ||
|---|---|---|---|
| 003 | GCL | ||
| 008 | 140319s9999 xx 000 0 ara d | ||
| 020 | _a4236502977 | ||
| 040 |
_aGCL / _cGCL |
||
| 082 | 0 | 4 |
_a921 _bط س |
| 100 | 1 | _aطلعت عيسى | |
| 245 | 1 | 0 |
_aسان سيمون / _cطلعت عيسى |
| 250 | _aالثانية | ||
| 260 |
_aالقاهرة : _bدار المعارف ، _c1987 |
||
| 300 |
_a171 ؛ _c19 سم |
||
| 490 |
_aنوابغ الفكر الغربى _v14 |
||
| 650 | 0 | 4 | _aسان سيمون |
| 650 | 0 | 4 | _aعلماء الاجتماع - تراجم |
| 942 |
_2ddc _cBK |
||
| 999 |
_c28446 _d28446 |
||